000 00700nam a22002177a 4500
005 20251128163704.0
010 _aENG-147204
020 _a9789354644313
_c909.00
035 _aEN-130736
037 _bInternational book center
037 _bDBAD
_aDPL
082 _a005.8
100 _aMark stamp
_985821
245 _aInformations security principles and practice /
_cby Mark stamp , Ashutosh saxena
260 _aNew Delhi
_bWiley India pvt.Ltd.
_c2025
270 _a4436/7, Ansari road,Daryaganj,
_bNew Delhi
_e110002
300 _a522p.:
_bill.
_c25cm (pbk)
500 _aAn Indian adaptation
700 _asaxena, Ashutosh saxena
_978104
942 _2ddc
_cEN
_mMAR
_h005.8
999 _c209453
_d209453